| 000 | 00780nam a2200229 a 4500 | ||
|---|---|---|---|
| 999 |
_c4384 _d4384 |
||
| 001 | 4384 | ||
| 003 | CDMR | ||
| 005 | 20211201115525.0 | ||
| 008 | 130130s1999||||||||||||||||||||||||||||d | ||
| 016 |
_2Biblioteca de Catalunya _aDL B13091-1999 |
||
| 020 | _a8482641778 | ||
| 040 |
_aCDMR _bcat _cCPC GIRONA |
||
| 245 | 0 | 3 |
_aEl món en minut i mig _b: una experiència de periodisme internacional a la televisió _cJordi Ferrerons ... [et al.] ; pròleg de Josep Ramoneda |
| 260 |
_aBarcelona: _bLa Magrana, _c1999 |
||
| 300 |
_a265 pàgines; _c20 cm |
||
| 490 |
_aMeridians; _v30 |
||
| 650 | 0 |
_92802 _aCorresponsals estrangers _zCatalunya |
|
| 650 | 0 |
_93127 _aTelevisió _zCatalunya |
|
| 700 | 1 |
_93051 _aRamoneda, Josep _d1949- |
|
| 700 |
_94746 _aFerrerons, Jordi |
||
| 942 |
_cMON _2udc |
||